Géographie - Les 20 villes les plus peuplées des Hautes-Alpes - Statistiques

Statistiques générales
  • Ce quiz a été pris 32 fois
  • Le résultat moyen est 5 sur 20
Statistiques - réponses
HINT HINT ANSWER % Correct
40 656 G Gap
100%
10 748 B Briançon
96%
6 387 E Embrun
81%
2 272 T Tallard
38%
3 244 V Veynes
38%
2 286 G Guillestre
35%
3 106 C Chorges
27%
2 611 L La Bâtie-Neuve
27%
3 566 L Laragne-Montéglin
23%
2 278 L L'Argentière-la-Bessée
23%
2 081 S Saint-Bonnet-en-Champsaur
19%
1 675 L La Roche-des-Arnauds
12%
1 303 S Serres
8%
1 433 V Villar-Saint-Pancrace
8%
1 223 C Châteauroux-les-Alpes
4%
1 375 L La Saulce
4%
1 161 C Crots
0%
1 504 S Saint-Chaffrey
0%
1 342 V Val Buëch-Méouge
0%
1 133 V Vallouise-Pelvoux
0%
Aucun quiz correspondant
Distribution des résultats
% des personnes avec chaque résultat
Percentile par nombre de réponses
Votre historique - résultats
Vous n’avez pas pris ce quiz